Polscy piłkarze w Serie A - nagła śmierć - Statystyki

Ogólne statystyki
  • Ten quiz został rozwiązany 2 094 razy
  • Średni wynik to 12 z 20
Answers on the Grid
Answers color-coded by a green-red scale on the quiz's grid according to % correct below.
Zbigniew Boniek
Władysław Żmuda
Marek Koźmiński
Artur Boruc
Kamil Glik
Paweł Wszołek
Krzysztof Piątek
Bartosz Bereszyński
Bartłomiej Drągowski
Karol Linetty
Arkadiusz Milik
Piotr Zieliński
Arkadiusz Reca
Łukasz Skorupski
Wojciech Szczęsny
Jakub Błaszczykowski
Sebastian Walukiewicz
Paweł Dawidowicz
Mariusz Stępiński
Jakub Kiwior
Paweł Janas
Grzegorz Lato
Tomasz Hajto
Łukasz Fabiański
Kamil Grosicki
Grzegorz Krychowiak
Euzebiusz Smolarek
Maciej Rybus
Jerzy Dudek
Andrzej Szarmach
Włodzimierz Lubański
Jan Bednarek
Przemysław Frankowski
Roman Kosecki
Wojciech Kowalczyk
Sebastian Szymański
Jerzy Brzęczek
Marcin Bułka
Andrzej Juskowiak
Tomasz Kłos
 
Statystyki odpowiedzi
Odpowiedź % Poprawnych
Arkadiusz Milik
83%
Piotr Zieliński
81%
Krzysztof Piątek
79%
Wojciech Szczęsny
79%
Łukasz Skorupski
77%
Karol Linetty
76%
Bartosz Bereszyński
74%
Bartłomiej Drągowski
73%
Zbigniew Boniek
73%
Paweł Dawidowicz
72%
Kamil Glik
70%
Arkadiusz Reca
69%
Sebastian Walukiewicz
67%
Jakub Błaszczykowski
56%
Mariusz Stępiński
54%
Jakub Kiwior
53%
Paweł Wszołek
41%
Artur Boruc
35%
Marek Koźmiński
23%
Władysław Żmuda
13%
Nie znaleziono quizów pasujących do podanych kryteriów
Rozkład punktacji
Procent ludzi z każdym wynikiem
Percentyl według liczby udzielonych odpowiedzi
Twoja historia wyników
Nie rozwiązałeś tego quizu